| 000 | 00732nam a22002651c 4500 | ||
|---|---|---|---|
| 001 | a987680135 | ||
| 008 | 170505s1999 gw |||| 000u ger d | ||
| 020 |
_a3442755611 _93-442-75561-1 |
||
| 041 | _ager | ||
| 100 | 1 | _aFalin, Valentin M. | |
| 245 | 0 | 0 |
_aKonflikte im Kreml : _bzur Vorgeschichte der deutschen Einheit und Auflösung der Sowjetunion |
| 250 | _aErw. Neuausgabe | ||
| 264 |
_aMünchen : _bSiedler, _c1999 |
||
| 300 | _a348 Seiten | ||
| 600 | 0 | _aGorbačev, Michail | |
| 600 | 0 | _aFalin, Valentin Michailovic | |
| 648 | 0 | _a1986-1991 | |
| 650 | 0 | _aAußenpolitik | |
| 650 | 0 | _aDeutsche Frage | |
| 650 | 0 | _aPerestroika | |
| 651 | 0 | _aSowjetunion | |
| 942 | _cMG | ||
| 040 | _cRU-10907106 | ||
| 003 | RU-10907106 | ||
| 999 |
_c33592 _d33592 |
||